000 00616nam a2200205 i 4500
001 42483
003 ES-MaACL
005 20250827062559.0
007 t|
008 030402s1872 sp ||||1| spa d
110 1 _aEspaña
_93622
240 0 _aTratados, etc. Alemania, 1872
245 1 0 _aConvenio consular entre España y el Imperio alemán, firmado el 12 de enero de 1872.
260 _a[S.l. :
_bs.n.,
_c1872]
300 _a2 p. ;
_c27 cm.
594 _aEjemp. sin port., datos tomados de p. 1.
710 1 _aAlemania.
_tTratados, etc.
_9171559
852 _aES-MaACL
_jT-500-F-5
999 _c42483
_d42483